Dynamics Of Machinery (Record no. 322319)

MARC details
000 -LEADER
fixed length control field 00419nam a2200169Ia 4500
008 - FIXED-LENGTH DATA ELEMENTS--GENERAL INFORMATION
fixed length control field 230718s9999 xx 000 0 und d
041 ## - LANGUAGE CODE
Language code of text/sound track or separate title eng
082 ## - DEWEY DECIMAL CLASSIFICATION NUMBER
Classification number 620.811
Item number HAI
100 ## - MAIN ENTRY--PERSONAL NAME
Personal name Haideri F.
245 ## - TITLE STATEMENT
Title Dynamics Of Machinery
250 ## - EDITION STATEMENT
Edition statement 9th
260 ## - PUBLICATION, DISTRIBUTION, ETC. (IMPRINT)
Date of publication, distribution, etc. 2009
Name of publisher, distributor, etc. Nirali Prakashan
300 ## - PHYSICAL DESCRIPTION
Extent 724
Dimensions With Diagram
365 ## - TRADE PRICE
Currency code Rs.
Price amount 425.00
700 ## - ADDED ENTRY--PERSONAL NAME
Personal name Haideri F.
906 ## - LOCAL DATA ELEMENT F, LDF (RLIN)
d B:217928-Jul-2009
c MECH
b 127.5
Holdings
Withdrawn status Lost status Damaged status Not for loan Home library Current library Date acquired Vendor Budget Code Cost, normal purchase price Bill number Total Checkouts Full call number Barcode Date last seen Discount Cost, replacement price Bill Date Koha item type Original Barcode
        Cummins College of Engineering for Women Pune Cummins College of Engineering for Women Pune 25/09/2009 Om Book Stall MECH 361.25 2179   620.811 CCEP-BK-33526 18/07/2023 127.5 425.00 28/07/2009 Books 033526